| 000 | 00639nam a2200229Ia 4500 | ||
|---|---|---|---|
| 003 | OSt | ||
| 005 | 20221006164837.0 | ||
| 006 | a|||||r|||| 00| 0 | ||
| 007 | ta | ||
| 008 | 221006b |||||||| |||| 00| 0 hin d | ||
| 024 | _a4,267 | ||
| 037 | _cTextual | ||
| 040 |
_aFML _cFML _bhin |
||
| 041 |
_2hin _ahin |
||
| 082 | _aDelta2:8627v, J6 | ||
| 100 |
_aPrasad Gorakh Au. _9678461 |
||
| 245 | 0 | _aBharatiya Jyotishi Ka Itihaas | |
| 260 |
_aLucknow _bPrakashan Bureu Uttar Pradesh Sarkar India _c1956 |
||
| 300 |
_a290 _ccm. |
||
| 942 |
_hDelta2:8627v, J6 _cTEXL _2CC |
||
| 999 |
_c1118668 _d1118668 |
||